| 000 | 01088cam a2200229 4500 | ||
|---|---|---|---|
| 001 | ABS66641 | ||
| 008 | 030429n2003 000 0 eng u | ||
| 035 | _a(Sirsi) u122128 | ||
| 245 | _aRICS special: what's in it for us? | ||
| 260 | _c2003 | ||
| 490 |
_aEstates Gazette _v(0316) 19 April 2003, 87-92(6) |
||
| 520 | _aAn examination of the RICS reasons for increasing subscriptions to pay for the Agenda for Change and discusses whether the standing of the organisation has been improved and whether RICS gives its members value for money. Compares RICS with other professional organisations - the Law Society, the Institute of Chartered Accountants and RIBA. "Estates Gazette" rates RICS the highest out of all these, talks to the first RICS overseas President Nick Brooke and asks Barry Gilbertson the Vice President, what members themselves can do for RICS. | ||
| 590 | _aABS | ||
| 650 | _aPROFESSIONAL INSTITUTIONS | ||
| 650 | _aAGENDA FOR CHANGE | ||
| 650 | _aRICS | ||
| 650 | _aRIBA | ||
| 650 | _aICAEW | ||
| 650 | _aLAW SOCIETY | ||
| 690 | _aRICS NEWS | ||
| 942 | _n0 | ||
| 999 |
_c72577 _d72577 |
||